The road to reality : (Record no. 8436)

MARC details
000 -LEADER
fixed length control field 02733cam a22006257a 4500
001 - CONTROL NUMBER
control field 10125100
003 - CONTROL NUMBER IDENTIFIER
control field LIBRIS
005 - DATE AND TIME OF LATEST TRANSACTION
control field 20251222125714.0
008 - FIXED-LENGTH DATA ELEMENTS--GENERAL INFORMATION
fixed length control field 060322s2005 xxka||||||||||000 0|eng|c
020 ## - INTERNATIONAL STANDARD BOOK NUMBER
International Standard Book Number 9780679776314
Qualifying information New York, 2007, hft.
020 ## - INTERNATIONAL STANDARD BOOK NUMBER
International Standard Book Number 9780099440680
020 ## - INTERNATIONAL STANDARD BOOK NUMBER
International Standard Book Number 0099440687
040 ## - CATALOGING SOURCE
Original cataloging agency Hf
Description conventions a
Transcribing agency n
041 ## - LANGUAGE CODE
Language code of text/sound track or separate title eng
082 00 - DEWEY DECIMAL CLASSIFICATION NUMBER
Classification number 530.1 P46 2006
Edition number 22
084 ## - OTHER CLASSIFICATION NUMBER
Classification number 00A69
Number source msc
084 ## - OTHER CLASSIFICATION NUMBER
Classification number 00A79
Number source msc
084 ## - OTHER CLASSIFICATION NUMBER
Classification number 81-01
Number source msc
084 ## - OTHER CLASSIFICATION NUMBER
Classification number 83-01
Number source msc
084 ## - OTHER CLASSIFICATION NUMBER
Classification number Ucce
Number source kssb/7
100 1# - MAIN ENTRY--PERSONAL NAME
Personal name Penrose, Roger,
Dates associated with a name 1931-
Relationship aut
245 14 - TITLE STATEMENT
Title The road to reality :
Remainder of title a complete guide to the laws of the universe /
Statement of responsibility, etc. Roger Penrose.
264 #1 - PRODUCTION, PUBLICATION, DISTRIBUTION, MANUFACTURE, AND COPYRIGHT NOTICE
Place of production, publication, distribution, manufacture London :
Name of producer, publisher, distributor, manufacturer Vintage Books,
Date of production, publication, distribution, manufacture, or copyright notice 2005
300 ## - PHYSICAL DESCRIPTION
Extent xxviii, 1099 s.
Other physical details ill.
Dimensions 23 cm.
500 ## - GENERAL NOTE
Institution to which field applies Q
General note I Ume� UB tr. New York, 2007
650 #7 - SUBJECT ADDED ENTRY--TOPICAL TERM
Topical term or geographic name entry element Matematisk fysik
Authority record control number or standard number https://id.kb.se/term/sao/Matematisk%20fysik
Source of heading or term sao
650 #7 - SUBJECT ADDED ENTRY--TOPICAL TERM
Topical term or geographic name entry element Teoretisk fysik
Authority record control number or standard number https://id.kb.se/term/sao/Teoretisk%20fysik
Source of heading or term sao
650 #0 - SUBJECT ADDED ENTRY--TOPICAL TERM
Topical term or geographic name entry element Mathematical physics
650 #0 - SUBJECT ADDED ENTRY--TOPICAL TERM
Topical term or geographic name entry element Physical laws
650 #0 - SUBJECT ADDED ENTRY--TOPICAL TERM
Topical term or geographic name entry element Mathematical physics
653 ## - INDEX TERM--UNCONTROLLED
Uncontrolled term Mathematical Physics
887 ## - NON-MARC INFORMATION FIELD
Content of non-MARC field {"@id":"0h99hbfb0dzng43","modified":"2016-05-12T14:16:56+02:00","checksum":"149051835330"}
Source of data librisxl
887 ## - NON-MARC INFORMATION FIELD
Content of non-MARC field {"@id":"7ckrjmdd3mhn7w0","modified":"2014-02-04T14:04:50+01:00","checksum":"83335865220"}
Source of data librisxl
887 ## - NON-MARC INFORMATION FIELD
Content of non-MARC field {"@id":"37f8nbq81pp865d","modified":"2006-03-22T09:53:42+01:00","checksum":"126816936066"}
Source of data librisxl
887 ## - NON-MARC INFORMATION FIELD
Content of non-MARC field {"@id":"lz69pjg9jkpl2brf","modified":"2021-01-26T10:22:55.911+01:00","checksum":"96698985198"}
Source of data librisxl
887 ## - NON-MARC INFORMATION FIELD
Content of non-MARC field {"@id":"jnvq5c5p32zgzb4","modified":"2007-02-01T11:58:26+01:00","checksum":"116095560032"}
Source of data librisxl
887 ## - NON-MARC INFORMATION FIELD
Content of non-MARC field {"@id":"qv338pzw0z5rfz9","modified":"2016-05-12T14:17:44+02:00","checksum":"117906241709"}
Source of data librisxl
887 ## - NON-MARC INFORMATION FIELD
Content of non-MARC field {"@id":"48gb60094c5zf8b","modified":"2007-05-14T14:13:06+02:00","checksum":"136538055282"}
Source of data librisxl
887 ## - NON-MARC INFORMATION FIELD
Content of non-MARC field {"@id":"mrztg89s581bphl","modified":"2007-03-07T16:16:33+01:00","checksum":"142608618499"}
Source of data librisxl
942 ## - ADDED ENTRY ELEMENTS (KOHA)
Source of classification or shelving scheme Dewey Decimal Classification
Koha item type English Book
Suppress in OPAC No
Holdings
Withdrawn status Lost status Source of classification or shelving scheme Damaged status Not for loan Home library Current library Date acquired Total Checkouts Full call number Barcode Date last seen Price effective from Koha item type
    Dewey Decimal Classification     CENTRAL TUWAIQ 12/28/2025   530.1 P46 2006 1000000025666 12/28/2025 12/28/2025 English Book